|
|
|
|
| LEADER |
00000nam0a2200000 4500 |
| 001 |
326567 |
| 005 |
20231102003856.0 |
| 035 |
|
|
|a (RuTPU)RU\TPU\book\352221
|
| 035 |
|
|
|a RU\TPU\book\352101
|
| 090 |
|
|
|a 326567
|
| 100 |
|
|
|a 20170109d1979 k y0rusy5003 ca
|
| 101 |
0 |
|
|a rus
|
| 102 |
|
|
|a RU
|
| 105 |
|
|
|a a z 000zy
|
| 200 |
1 |
|
|a Проектирование гибридных вычислительных устройств
|e сборник статей
|f Ленинградский электротехнический институт (ЛЭТИ) ; отв. ред. Е. П. Угрюмов
|
| 210 |
|
|
|a Ленинград
|c Изд-во ЛЭТИ
|d 1979
|
| 215 |
|
|
|a 81 с.
|c ил.
|
| 225 |
1 |
|
|a Известия Ленинградского электротехнического института (ЛЭТИ)
|v Вып. 262
|
| 320 |
|
|
|a Библиография в конце глав
|
| 606 |
1 |
|
|a Вычислительная техника
|x Проектирование
|2 stltpush
|3 (RuTPU)RU\TPU\subj\4035
|9 32351
|
| 610 |
1 |
|
|a гибридные вычислительные устройства
|
| 610 |
1 |
|
|a быстрое преобразование Фурье
|
| 610 |
1 |
|
|a элементарные функции
|
| 610 |
1 |
|
|a вычисление
|
| 610 |
1 |
|
|a точность
|
| 610 |
1 |
|
|a метод "цифра за цифрой"
|
| 610 |
1 |
|
|a сеточные процессоры
|
| 610 |
1 |
|
|a переходные процессы
|
| 610 |
1 |
|
|a устойчивость
|
| 610 |
1 |
|
|a параболические сплайны
|
| 610 |
1 |
|
|a применение
|
| 610 |
1 |
|
|a динамические системы
|
| 610 |
1 |
|
|a идентификация
|
| 610 |
1 |
|
|a операционные автоматы
|
| 610 |
1 |
|
|a структура
|
| 610 |
1 |
|
|a оптимизация
|
| 675 |
|
|
|a 681.3.001.63
|v 3
|
| 702 |
|
1 |
|a Угрюмов
|b Е. П.
|4 340
|
| 712 |
0 |
2 |
|a Ленинградский электротехнический институт (ЛЭТИ)
|2 stltpush
|3 (RuTPU)RU\TPU\col\289
|
| 801 |
|
0 |
|a RU
|b 63413507
|c 19950704
|g psbo
|
| 801 |
|
1 |
|a RU
|b 63413507
|c 20051118
|g PSBO
|
| 801 |
|
2 |
|a RU
|b 63413507
|c 20170131
|g PSBO
|
| 942 |
|
|
|c BK
|